000 00446nam a2200157Ia 4500
008 210716s2002 xx 000 0 und d
020 _a8129704080
041 _aeng
082 _a004.69 DEIH
100 _aDeitel, H M;Deitel, P J;Goldberg, A B.
245 _aInternet and world wide web: how to program.
_bHow to program.
250 _a3
260 _aNew Delhi
_bPearson Education
_c2002
300 _aLIV,1534,EULA-40
650 _aNone(007)
999 _c186426
_d186426